A CORNER zálogház zrt. bemutatása költség és eredményalakulásának elemzése, piaci helyzetének értékelése

Bibliográfiai részletek
Szerző: Jakubovics Dániel
További közreműködők: Korom Dr. Erik
Karácsondi Mária
Dokumentumtípus: Záródolgozat
Kulcsszavak:Költség
Cégelemzés
Vagyoni helyzet
Online Access:http://dolgozattar.uni-bge.hu/22517

MARC

LEADER 00000nta a2200000 i 4500
001 dolg22517
005 20190516180808.0
008 190516suuuu hu o 000 hun d
040 |a BGE Dolgozattár Repozitórium  |b hun 
041 |a hu 
100 1 |a Jakubovics Dániel 
245 1 2 |a A CORNER zálogház zrt. bemutatása költség és eredményalakulásának elemzése, piaci helyzetének értékelése  |c Jakubovics Dániel  |h [elektronikus dokumentum] 
246 1 1 |a A CORNER zálogház zrt. bemutatása költség és eredményalakulásának elemzése, piaci helyzetének értékelése 
516 |a Final_paper 
695 |a Költség 
695 |a Cégelemzés 
695 |a Vagyoni helyzet 
700 1 |a Korom Dr. Erik  |e ths 
700 1 |a Karácsondi Mária  |e ths 
856 4 0 |u http://dolgozattar.uni-bge.hu/22517/2/Szakdolgozat%20Jakubovics%20D%C3%A1niel%20ASD6RU.pdf  |z Dokumentum-elérés